000 00269nam a22001217a 4500
008 181126b xxu||||| |||| 00| 0 eng d
041 _aeng
080 _a616.8
100 _a7
101 _atru
245 _aMans Presumtuons Brain
_cSimeons..A.T.W
942 _2udc
_cBK
999 _c52474
_d52474